| 000 | 00647nam a22001937a 4500 | ||
|---|---|---|---|
| 999 |
_c165124 _d165124 |
||
| 005 | 20190607171055.0 | ||
| 010 | _aUR-10182 | ||
| 020 |
_c200.00 _a9789387539723 |
||
| 035 | _aU-8737 | ||
| 037 | _bDBAD/PUB | ||
| 082 | _a841 | ||
| 100 | _aا نو ر آ فا قی | ||
| 245 |
_aلمسو ں کی خو شبو _cا نو ر آ فا قی |
||
| 246 |
_bLamson ki Khshboo (Urdu) _aby Anwar Aafaqui |
||
| 260 |
_a Delhi _bEducational Publishing House _c2018 ء |
||
| 270 |
_a3191،Vakil Street,Kucha Pandit,Lal Kuan, _bDelhi _e110006 _k23216162 _l00911123211540 |
||
| 300 |
_a160 ص _c22 Cm(Hb) |
||
| 942 |
_2ddc _cUR _h841 _mا ن و |
||